[Event "ROM-ch Amateurs"]
[Site "Sebes"]
[Date "2023.02.23"]
[Round "5"]
[White "Cordea, David"]
[Black "Veneteanu, Ion Cristian"]
[Result "0-1"]
[WhiteElo "2049"]
[BlackElo "2006"]
[PlyCount "80"]
[EventDate "2023.02.21"]
[EventType "swiss"]
[EventRounds "9"]
[EventCountry "ROU"]
[SourceTitle "CBM 213 Extra"]
[Source "ChessBase"]
[SourceDate "2023.05.31"]
[SourceVersion "1"]
[SourceVersionDate "2023.05.31"]
[SourceQuality "1"]

1. d4 Nf6 2. Nf3 d5 3. c4 c6 4. Nc3 e6 5. e3 Nbd7 6. Bd3 Be7 7. 0-0 0-0 8. Qc2 b6 9. e4 dxe4 10. Nxe4 Bb7 11. Bf4 Nxe4 12. Bxe4 Nf6 13. Bd3 c5 14. dxc5 Bxf3 15. gxf3 bxc5 16. Rfd1 Qb6 17. Rab1 Rfd8 18. Be3 a5 19. a3 Qc7 20. Kg2 Bd6 21. Bg5 h6 22. Be3 Rab8 23. h3 Nh5 24. Kf1 Bf4 25. b4 axb4 26. axb4 cxb4 27. c5 Kh8 28. c6 f5 29. Qc5 Bxe3 30. fxe3 Rd5 31. Qc2 Rb6 32. e4 Rxc6 33. Qf2 Rd8 34. exf5 Rcd6 35. Be2 exf5 36. Rxd6 Rxd6 37. Rxb4 Rg6 38. Rc4 Ng3+ 39. Ke1 Qa5+ 40. Kd1 Rd6+ 0-1

[Event "ROM-ch Amateurs"]
[Site "Sebes"]
[Date "2023.02.22"]
[Round "3"]
[White "Veneteanu, Ion Cristian"]
[Black "Voda, Costel"]
[Result "1-0"]
[WhiteElo "2006"]
[BlackElo "1705"]
[PlyCount "54"]
[EventDate "2023.02.21"]
[EventType "swiss"]
[EventRounds "9"]
[EventCountry "ROU"]
[SourceTitle "CBM 213 Extra"]
[Source "ChessBase"]
[SourceDate "2023.05.31"]
[SourceVersion "1"]
[SourceVersionDate "2023.05.31"]
[SourceQuality "1"]

1. d4 Nf6 2. Nf3 d5 3. c4 dxc4 4. e3 Bf5 5. Bxc4 c6 6. Qb3 Qb6 7. Bxf7+ Kd8 8. Nc3 Qxb3 9. Bxb3 Nbd7 10. Ng5 Bg6 11. 0-0 h6 12. Ne6+ Kc8 13. f3 Bf7 14. e4 Nb6 15. Be3 Ne8 16. e5 a5 17. a4 Nc7 18. Nxc7 Bxb3 19. Nxa8 Nxa8 20. d5 cxd5 21. Rfc1 e6 22. Nxd5+ Kd7 23. Nb6+ Nxb6 24. Bxb6 Bd5 25. Rc7+ Ke8 26. Bxa5 h5 27. Rac1 Bc6 1-0

[Event "ROM-chT2"]
[Site "Slanic Moldova"]
[Date "2017.09.30"]
[Round "1.2"]
[White "Slovineanu, Viacheslav"]
[Black "Veneteanu, Ion Cristian"]
[Result "1/2-1/2"]
[WhiteElo "2417"]
[BlackElo "2165"]
[PlyCount "55"]
[EventDate "2017.09.30"]
[EventType "team-tourn"]
[EventRounds "9"]
[EventCountry "ROU"]
[SourceTitle "CBM 181 Extra"]
[Source "ChessBase"]
[SourceDate "2017.12.12"]
[SourceVersion "1"]
[SourceVersionDate "2017.12.12"]
[SourceQuality "1"]
[WhiteTeam "Marmatiei Sighetu"]
[BlackTeam "Constanta Fianchetto"]
[WhiteTeamCountry "ROU"]
[BlackTeamCountry "ROU"]

1. e4 e5 2. Nf3 Nc6 3. Bc4 Be7 4. d3 Nf6 5. 0-0 0-0 6. Re1 d6 7. a4 h6 8. Nbd2 Nh7 9. Nf1 Ng5 10. Ne3 Nxf3+ 11. Qxf3 Nd4 12. Qd1 Be6 13. c3 Bxc4 14. dxc4 Ne6 15. a5 Bg5 16. b4 g6 17. f3 Kg7 18. Ra2 Qe8 19. Qd5 Rb8 20. Qd3 Rd8 21. g3 h5 22. Rae2 h4 23. Bd2 hxg3 24. hxg3 Rh8 25. Rh2 Rxh2 26. Kxh2 Qc6 27. Kg2 Rh8 28. Rh1 1/2-1/2

[Event "ROM-ch"]
[Site "Targu Mures"]
[Date "2014.05.04"]
[Round "11"]
[White "Anuta, Laurentiu"]
[Black "Veneteanu, Ion Cristian"]
[Result "0-1"]
[WhiteElo "2013"]
[BlackElo "2158"]
[PlyCount "86"]
[EventDate "2014.04.26"]
[EventType "swiss"]
[EventRounds "11"]
[EventCountry "ROU"]
[SourceTitle "CBM 160 Extra"]
[Source "ChessBase"]
[SourceDate "2014.07.01"]
[SourceVersion "1"]
[SourceVersionDate "2014.07.01"]
[SourceQuality "1"]

1. d4 Nf6 2. Nf3 e6 3. Bg5 h6 4. Bxf6 Qxf6 5. e4 d6 6. e5 Qd8 7. Bd3 a6 8. 0-0 d5 9. c3 c5 10. Nbd2 Nc6 11. dxc5 Bxc5 12. Nb3 Ba7 13. Nbd4 Bd7 14. Qe2 Qe7 15. a3 g5 16. Nxc6 Bxc6 17. Nd4 Bd7 18. Kh1 0-0-0 19. b4 f6 20. exf6 Qxf6 21. Nb3 e5 22. f3 h5 23. c4 Be6 24. c5 e4 25. Bxa6 Bd7 26. Bxb7+ Kxb7 27. fxe4 Qe6 28. Na5+ Ka8 29. e5 Rhe8 30. Rae1 Bc8 31. Qd2 Rf8 32. Qxg5 Ba6 33. Rxf8 Rxf8 34. h3 Bd3 35. Qg7 Rf7 36. Qh8+ Bb8 37. Nb3 Be4 38. Qxh5 Rh7 39. Nd4 Qc8 40. Qe2 Qxh3+ 41. Kg1 Qh1+ 42. Kf2 Qxg2+ 43. Ke3 Qg5+ 0-1

[Event "ROM-ch"]
[Site "Targu Mures"]
[Date "2014.04.28"]
[Round "4"]
[White "Veneteanu, Ion Cristian"]
[Black "Ciorica, Mihai Vlad"]
[Result "1/2-1/2"]
[WhiteElo "2158"]
[BlackElo "1878"]
[PlyCount "166"]
[EventDate "2014.04.26"]
[EventType "swiss"]
[EventRounds "11"]
[EventCountry "ROU"]
[SourceTitle "CBM 160 Extra"]
[Source "ChessBase"]
[SourceDate "2014.07.01"]
[SourceVersion "1"]
[SourceVersionDate "2014.07.01"]
[SourceQuality "1"]

1. Nf3 c5 2. c4 Nc6 3. d4 cxd4 4. Nxd4 g6 5. e4 Bg7 6. Be3 d6 7. Nc3 Nf6 8. Be2 0-0 9. Qd2 Bd7 10. f3 Qa5 11. 0-0 Nxd4 12. Bxd4 Bc6 13. a3 b6 14. b4 Qh5 15. Rac1 Rac8 16. Be3 Qe5 17. Rfd1 Rfd8 18. Qe1 Nd7 19. Qf2 f5 20. Bd4 Qe6 21. Bxg7 Kxg7 22. exf5 Qxf5 23. Bd3 Qf6 24. Be4 Bxe4 25. Nxe4 Qf5 26. Qd4+ Qe5 27. Qd2 Nf6 28. Ng3 Qe6 29. Re1 Qf7 30. Qe3 Rc7 31. Rc3 Rdc8 32. Rec1 Kg8 33. Qd4 Rc6 34. f4 R8c7 35. Nf1 b5 36. cxb5 Rxc3 37. Rxc3 Rxc3 38. Qxc3 Nd5 39. Qc8+ Kg7 40. g3 Qf6 41. Qc4 Nb6 42. Qd3 Qa1 43. h4 Kf8 44. Kg2 Qa2+ 45. Kg1 Qa1 46. f5 Kg7 47. Qe4 Qf6 48. Ne3 Kf8 49. fxg6 hxg6 50. Qf4 Kg7 51. Qxf6+ Kxf6 52. Kf2 e5 53. Ke2 Ke6 54. Kd3 d5 55. g4 d4 56. Nc4 Nd7 57. g5 Kd5 58. Nd2 Nb6 59. Ne4 Na4 60. Nc5 Nb6 61. a4 e4+ 62. Nxe4 Nxa4 63. Nc5 Nb6 64. Nb3 Nd7 65. Nxd4 Ne5+ 66. Kc3 Kd6 67. Kd2 Kd5 68. Nc6 Nf3+ 69. Ke3 Nxh4 70. Nxa7 Nf5+ 71. Kf4 Nd4 72. Nc6 Ne6+ 73. Kg4 Kd6 74. Na5 Kc7 75. Nc4 Kb7 76. b6 Kc6 77. Kh4 Kb7 78. b5 Nd4 79. Kg3 Ne6 80. Kg4 Nd4 81. Kf4 Ne6+ 82. Ke5 Nxg5 83. Kd5 Nf7 1/2-1/2

[Event "Radulescu Memorial 14th"]
[Site "Ramnicul Valcea"]
[Date "2014.01.31"]
[Round "2"]
[White "Veneteanu, Ion Cristian"]
[Black "Mongescu, Lucian"]
[Result "1-0"]
[WhiteElo "2181"]
[BlackElo "1871"]
[PlyCount "86"]
[EventDate "2014.01.30"]
[EventType "swiss"]
[EventRounds "7"]
[EventCountry "ROU"]
[SourceTitle "EXT 2015"]
[Source "ChessBase"]
[SourceDate "2014.11.20"]
[SourceVersion "1"]
[SourceVersionDate "2014.11.20"]
[SourceQuality "1"]

1. Nf3 d5 2. c4 c6 3. e3 Nf6 4. d4 g6 5. Nc3 Bg7 6. Bd3 0-0 7. b3 Re8 8. Bb2 a6 9. Qc2 Nbd7 10. cxd5 cxd5 11. 0-0 e5 12. dxe5 Nxe5 13. Nxe5 Rxe5 14. Ne2 Rh5 15. Nf4 Rh6 16. Rac1 g5 17. Ne2 Qa5 18. Ng3 Qb6 19. Bf5 Be6 20. Bd4 Qd6 21. Qc7 Qxc7 22. Rxc7 b5 23. Bxe6 fxe6 24. Re7 Ne8 25. Bxg7 Nxg7 26. Rc1 Rg6 27. Rcc7 h5 28. Ne2 Nf5 29. Red7 Rg7 30. Rxg7+ Nxg7 31. Nd4 Kf8 32. Kf1 b4 33. h3 a5 34. g4 hxg4 35. hxg4 Ra6 36. Nf3 a4 37. Rb7 axb3 38. axb3 Ra3 39. Rxb4 Ne8 40. Nxg5 Ke7 41. Kg2 Ra2 42. Kg3 e5 43. f4 exf4+ 1-0

[Event "ROM-ch"]
[Site "Baile Olanesti"]
[Date "2013.02.24"]
[Round "11"]
[White "Posedaru, Bogdan Stefan"]
[Black "Veneteanu, Ion Cristian"]
[Result "1/2-1/2"]
[WhiteElo "2328"]
[BlackElo "2152"]
[PlyCount "68"]
[EventDate "2013.02.16"]
[EventType "swiss"]
[EventRounds "11"]
[EventCountry "ROU"]
[SourceTitle "CBM 153 Extra"]
[Source "ChessBase"]
[SourceDate "2013.04.22"]
[SourceVersion "1"]
[SourceVersionDate "2013.04.22"]
[SourceQuality "1"]

1. d4 Nf6 2. c4 c5 3. d5 b5 4. cxb5 a6 5. bxa6 Bxa6 6. Nc3 d6 7. g3 g6 8. Bg2 Bg7 9. Nf3 0-0 10. Rb1 Nbd7 11. b3 Ng4 12. Qc2 Nh6 13. 0-0 Nf5 14. Bb2 Qa5 15. Bh3 Nd4 16. Nxd4 cxd4 17. Na4 Bb5 18. Qe4 Bxa4 19. Qxe7 Bb5 20. a4 Rfe8 21. Qh4 Bxe2 22. Bxd7 Bxf1 23. Bxe8 Bd3 24. Rd1 Be2 25. Bxf7+ Kxf7 26. Rc1 Kg8 27. Qe7 Be5 28. f4 Qd2 29. fxe5 Qe3+ 30. Kg2 Qf3+ 31. Kg1 Qe3+ 32. Kg2 Qf3+ 33. Kg1 Qe3+ 34. Kg2 Qf3+ 1/2-1/2

[Event "ROM-chT"]
[Site "Baile Tusnad"]
[Date "2005.05.27"]
[Round "7"]
[White "Veneteanu, Ion Cristian"]
[Black "Cosma, Ioan"]
[Result "0-1"]
[WhiteElo "2271"]
[BlackElo "2447"]
[PlyCount "120"]
[EventDate "2005.05.21"]
[EventType "team"]
[EventRounds "9"]
[EventCountry "ROU"]
[SourceTitle "CBM 106 Extra"]
[Source "ChessBase"]
[SourceDate "2005.07.01"]
[SourceVersion "1"]
[SourceVersionDate "2005.07.01"]
[SourceQuality "1"]

1. Nf3 Nf6 2. b3 e6 3. Bb2 b6 4. g3 Bb7 5. Bg2 Be7 6. 0-0 0-0 7. c4 c5 8. Nc3 d6 9. d3 Nbd7 10. e4 a6 11. Qe2 Rb8 12. d4 cxd4 13. Nxd4 Qc7 14. Rac1 Rbc8 15. f4 Rfe8 16. f5 e5 17. Nc2 Qb8 18. g4 h6 19. h4 Nh7 20. Qf2 b5 21. Ne3 Qa7 22. cxb5 Bxh4 23. Qxh4 Qxe3+ 24. Qf2 Qxf2+ 25. Rxf2 Nhf6 26. Rd2 Ra8 27. a4 Nc5 28. Rxd6 Nxb3 29. Rcd1 Nd4 30. bxa6 Bxa6 31. Nd5 Nxd5 32. exd5 Be2 33. Ra1 Nc2 34. Rc1 Ne3 35. Rdc6 Nxg2 36. Kxg2 Bxg4 37. Ra1 Bxf5 38. Rc5 Be4+ 39. Kf2 Red8 40. Bxe5 Rxd5 41. Rxd5 Bxd5 42. a5 f6 43. Bc7 Bc4 44. Rc1 Ba6 45. Bb6 Rc8 46. Rd1 h5 47. Rd5 h4 48. Rd4 Rc4 49. Rxc4 Bxc4 50. Kg2 Kf7 51. Kh3 g5 52. Kh2 Kg6 53. Bd8 f5 54. Be7 f4 55. Kg2 Kf5 56. Bd8 Bd5+ 57. Kh2 Bb7 58. Be7 Kg4 59. Bd8 Kh5 60. Bc7 f3 0-1

[Event "ROM-chT"]
[Site "Baile Tusnad"]
[Date "2005.05.22"]
[Round "2"]
[White "Biro, Sandor"]
[Black "Veneteanu, Ion Cristian"]
[Result "1-0"]
[WhiteElo "2326"]
[BlackElo "2271"]
[PlyCount "55"]
[EventDate "2005.05.21"]
[EventType "team"]
[EventRounds "9"]
[EventCountry "ROU"]
[SourceTitle "CBM 106 Extra"]
[Source "ChessBase"]
[SourceDate "2005.07.01"]
[SourceVersion "1"]
[SourceVersionDate "2005.07.01"]
[SourceQuality "1"]

1. e4 c5 2. Nf3 Nc6 3. c3 Nf6 4. e5 Nd5 5. d4 cxd4 6. Bc4 e6 7. cxd4 d6 8. 0-0 Be7 9. Qe2 0-0 10. Bd2 dxe5 11. dxe5 Qc7 12. Nc3 Rd8 13. Qe4 Qd7 14. Rfe1 b6 15. Ng5 g6 16. Qf3 Bb4 17. Rad1 Bb7 18. Qh3 h5 19. Nxd5 exd5 20. e6 fxe6 21. Rxe6 Qg7 22. Bd3 Bc8 23. Qe3 Bc5 24. Re8+ Bf8 25. Rxd8 Nxd8 26. Bc3 Qe7 27. Bxg6 Qxe3 28. Bh7# 1-0

[Event "ROM-ch"]
[Site "Curtea de Arges"]
[Date "2002.11.24"]
[Round "1.2"]
[White "Burnoiu, Nicolae Costel"]
[Black "Veneteanu, Ion Cristian"]
[Result "1-0"]
[WhiteElo "2431"]
[BlackElo "2251"]
[PlyCount "81"]
[EventDate "2002.12.07"]
[EventType "k.o."]
[EventRounds "5"]
[EventCountry "ROU"]
[SourceTitle "CBM 091 Extra"]
[Source "ChessBase"]
[SourceDate "2003.01.09"]
[SourceVersion "1"]
[SourceVersionDate "2003.01.09"]
[SourceQuality "1"]

1. e4 c5 2. Nf3 Nc6 3. d4 cxd4 4. Nxd4 Nf6 5. Nc3 e5 6. Ndb5 d6 7. Bg5 a6 8. Na3 b5 9. Bxf6 gxf6 10. Nd5 Bg7 11. c3 f5 12. exf5 Bxf5 13. Nc2 0-0 14. Nce3 Be6 15. Bd3 f5 16. 0-0 e4 17. Nf4 Bd7 18. Bc2 Be5 19. Ned5 Kh8 20. Qh5 Rg8 21. f3 e3 22. Rae1 Ne7 23. Nxe7 Qxe7 24. Nd5 Qg7 25. Nxe3 Bf4 26. g4 Bxe3+ 27. Rxe3 fxg4 28. f4 Rae8 29. Rg3 Re2 30. Bb3 Rf8 31. f5 Bc6 32. Qxg4 Qa7+ 33. Qd4+ Qxd4+ 34. cxd4 Be4 35. Be6 Rxb2 36. Rf4 d5 37. Rfg4 h6 38. Rg6 Rb1+ 39. Kf2 Bxf5 40. Rg8+ Rxg8 41. Rxg8+ 1-0

[Event "ROM-ch sf"]
[Site "Baile Tusnad"]
[Date "2000.??.??"]
[Round "2"]
[White "Bogdan, Dan"]
[Black "Veneteanu, Ion Cristian"]
[Result "0-1"]
[WhiteElo "2353"]
[BlackElo "2218"]
[PlyCount "112"]
[EventDate "2000.05.??"]
[EventType "swiss"]
[EventRounds "11"]
[EventCountry "ROU"]
[SourceTitle "EXT 2001"]
[Source "ChessBase"]
[SourceDate "2000.11.22"]
[SourceVersion "1"]
[SourceVersionDate "2000.11.22"]
[SourceQuality "1"]

1. c4 Nf6 2. g3 g6 3. Bg2 Bg7 4. Nc3 0-0 5. e4 d6 6. Nge2 e5 7. 0-0 Nbd7 8. h3 Nc5 9. d3 Nh5 10. Be3 f5 11. Qd2 f4 12. gxf4 exf4 13. Nxf4 Nxf4 14. Bxf4 Rxf4 15. Qxf4 Nxd3 16. Qd2 Nc5 17. Rad1 Qh4 18. Qe3 Be6 19. b3 Re8 20. Nb5 Re7 21. Qg3 Qh5 22. Nc3 Rf7 23. Nd5 Qe2 24. a3 Bxd5 25. Rxd5 Nxe4 26. Qd3 Rxf2 27. Qxe2 Rxe2 28. Rdd1 Bc3 29. Rf4 Nd2 30. Bd5+ Kg7 31. Rf7+ Kh6 32. Rxc7 Bd4+ 33. Kh1 Bb6 34. Rxb7 Nxb3 35. Rf1 Nc5 36. Rbf7 Nd3 37. R1f6 Nf2+ 38. Kg2 Ne4+ 39. Kf3 Re3+ 40. Kg2 Rg3+ 41. Kh2 Bg1+ 42. Kh1 Nxf6 43. Rxf6 Bc5 44. Kh2 Rxa3 45. Rf7 Bd4 46. Kg2 Be5 47. Re7 Rg3+ 48. Kf1 Bd4 49. Bg8 Kg5 50. Rxh7 a5 51. h4+ Kf4 52. c5 Bxc5 53. Bf7 a4 54. h5 gxh5 55. Rxh5 Ke3 56. Bd5 Kd3 0-1